000 00526nam a2200229Ia 4500
003 OSt
005 20220912153111.0
006 a|||||r|||| 00| 0
007 ta
008 220909b |||||||| |||| 00| 0 eng d
024 _a21251
037 _cTextual
040 _aCSL
_beng
_cCSL
041 _aeng
082 _aY33, L0
100 _aChauhan B R
245 0 _aTowns in the trival setting
260 _c1920
300 _ap.
_ccm.
942 _hY33, L0
_cTEXL
_2CC
999 _c98039
_d98039